[Event "Baltic zt"]
[Site "Tallinn"]
[Date "2015.01.16"]
[Round "7"]
[White "Beinoras, Mindaugas"]
[Black "Jezov, Roman"]
[Result "1/2-1/2"]
[WhiteElo "2365"]
[BlackElo "2238"]
[PlyCount "105"]
[EventDate "2015.01.12"]
[EventType "tourn"]
[EventRounds "11"]
[EventCountry "EST"]
[EventCategory "9"]
[SourceTitle "CBM 164 Extra"]
[Source "ChessBase"]
[SourceDate "2015.03.02"]
[SourceVersion "1"]
[SourceVersionDate "2015.03.02"]
[SourceQuality "1"]

1. c4 c5 2. Nf3 g6 3. d4 cxd4 4. Nxd4 Bg7 5. e4 Nc6 6. Be3 Nh6 7. Nc3 0-0 8. Be2 f5 9. exf5 Nxd4 10. Bxd4 Bxd4 11. Qxd4 Nxf5 12. Qd2 d6 13. Bf3 e5 14. 0-0 Nd4 15. Bd5+ Kh8 16. f4 Qb6 17. Kh1 Bf5 18. fxe5 dxe5 19. Rae1 Rae8 20. h3 a6 21. g4 Bd7 22. Rxf8+ Rxf8 23. Qg5 Nc6 24. Ne4 Qxb2 25. Qh4 Qa3 26. Nf6 Qe7 27. g5 h5 28. Be4 Be8 29. Qg3 Nd4 30. Bd5 Nc6 31. Kh2 Qc5 32. h4 b5 33. cxb5 axb5 34. Bg2 b4 35. Re2 Kg7 36. Bxc6 Bxc6 37. Qxe5 Qxe5+ 38. Rxe5 Ra8 39. Re2 Bb5 40. Rb2 Bc4 41. Rxb4 Rxa2+ 42. Kg3 Bf7 43. Kf4 Ra5 44. Ke4 Be6 45. Rb7+ Kf8 46. Nd7+ Bxd7 47. Rxd7 Rb5 48. Rd5 Rb1 49. Rd6 Kf7 50. Rd7+ Ke6 51. Rg7 Rb4+ 52. Kf3 Rxh4 53. Rxg6+ 1/2-1/2

[Event "Baltic zt"]
[Site "Tallinn"]
[Date "2015.01.13"]
[Round "2"]
[White "Jezov, Roman"]
[Black "Kovalenko, Igor"]
[Result "0-1"]
[WhiteElo "2238"]
[BlackElo "2653"]
[PlyCount "46"]
[EventDate "2015.01.12"]
[EventType "tourn"]
[EventRounds "11"]
[EventCountry "EST"]
[EventCategory "9"]
[SourceTitle "CBM 164 Extra"]
[Source "ChessBase"]
[SourceDate "2015.03.02"]
[SourceVersion "1"]
[SourceVersionDate "2015.03.02"]
[SourceQuality "1"]

1. e4 e5 2. Nf3 Nc6 3. Bb5 a6 4. Ba4 Nf6 5. Bxc6 dxc6 6. 0-0 Qe7 7. d3 Bg4 8. Be3 0-0-0 9. Nbd2 Nd7 10. Qe2 h6 11. Rfb1 g6 12. b4 f5 13. a4 f4 14. Ba7 b6 15. a5 b5 16. h3 Bxf3 17. Nxf3 Kb7 18. Bc5 Nxc5 19. bxc5 Qe6 20. c4 Bxc5 21. cxb5 cxb5 22. Rc1 Ba7 23. Qa2 Rhe8 0-1

[Event "Baltic zt"]
[Site "Tallinn"]
[Date "2015.01.13"]
[Round "3"]
[White "Kulaots, Kaido"]
[Black "Jezov, Roman"]
[Result "1-0"]
[WhiteElo "2556"]
[BlackElo "2238"]
[PlyCount "67"]
[EventDate "2015.01.12"]
[EventType "tourn"]
[EventRounds "11"]
[EventCountry "EST"]
[EventCategory "9"]
[SourceTitle "CBM 164 Extra"]
[Source "ChessBase"]
[SourceDate "2015.03.02"]
[SourceVersion "1"]
[SourceVersionDate "2015.03.02"]
[SourceQuality "1"]

1. Nf3 c5 2. e4 e6 3. d4 cxd4 4. Nxd4 a6 5. Nc3 Qc7 6. Bd3 Nc6 7. Nxc6 dxc6 8. 0-0 Nf6 9. f4 e5 10. Kh1 Bd6 11. f5 h5 12. Qf3 b5 13. a4 Bb7 14. Qg3 Kf8 15. Bg5 Rd8 16. Rad1 Be7 17. Qe3 Rd4 18. Ne2 Rxa4 19. b3 Ra3 20. Nc3 c5 21. Bxb5 axb5 22. Nxb5 Qa5 23. Nxa3 Qxa3 24. Qc3 Bc6 25. Qxe5 Qa7 26. Qf4 Qb7 27. Rfe1 Bxe4 28. Rd2 Kg8 29. Bxf6 Bxg2+ 30. Rxg2 Bxf6 31. Qe4 Qc7 32. Qf3 Rh6 33. Qa8+ Kh7 34. Re8 1-0

[Event "Baltic zt"]
[Site "Vilnius"]
[Date "2014.11.22"]
[Round "5"]
[White "Jezov, Roman"]
[Black "Laurusas, Tomas"]
[Result "1-0"]
[WhiteElo "2229"]
[BlackElo "2420"]
[PlyCount "77"]
[EventDate "2014.11.19"]
[EventType "tourn"]
[EventRounds "11"]
[EventCountry "LTU"]
[EventCategory "9"]
[SourceTitle "CBM 163 Extra"]
[Source "ChessBase"]
[SourceDate "2014.12.23"]
[SourceVersion "1"]
[SourceVersionDate "2014.12.23"]
[SourceQuality "1"]

1. e4 c6 2. d4 d5 3. Nc3 dxe4 4. Nxe4 Nf6 5. Nxf6+ gxf6 6. c3 Bf5 7. Nf3 Nd7 8. g3 Qa5 9. Bg2 Qb5 10. a4 Qd3 11. a5 Qxd1+ 12. Kxd1 Be4 13. Re1 f5 14. Bf4 e6 15. Ke2 a6 16. b4 h5 17. Bf1 Bxf3+ 18. Kxf3 Bh6 19. Bxh6 Rxh6 20. c4 Nf6 21. b5 axb5 22. cxb5 cxb5 23. Bxb5+ Ke7 24. Bd3 Nd5 25. Reb1 Ra7 26. Rb5 Kf6 27. Bc4 Nc3 28. Rb6 Ne4 29. Bd5 Rh8 30. Rxb7 Nd2+ 31. Ke2 Rxb7 32. Bxb7 Nb3 33. Ra4 Rd8 34. Ke3 e5 35. dxe5+ Kxe5 36. a6 Nc5 37. Ra5 Kd6 38. Rxc5 Kxc5 39. a7 1-0

[Event "Baltic zt"]
[Site "Vilnius"]
[Date "2014.11.21"]
[Round "4"]
[White "Beinoras, Mindaugas"]
[Black "Jezov, Roman"]
[Result "1-0"]
[WhiteElo "2375"]
[BlackElo "2229"]
[PlyCount "99"]
[EventDate "2014.11.19"]
[EventType "tourn"]
[EventRounds "11"]
[EventCountry "LTU"]
[EventCategory "9"]
[SourceTitle "CBM 163 Extra"]
[Source "ChessBase"]
[SourceDate "2014.12.23"]
[SourceVersion "1"]
[SourceVersionDate "2014.12.23"]
[SourceQuality "1"]

1. d4 Nf6 2. Bg5 e6 3. Nd2 Be7 4. Ngf3 0-0 5. e4 d5 6. e5 Nfd7 7. Bxe7 Qxe7 8. Bd3 c5 9. c3 Nc6 10. 0-0 f6 11. Qe2 cxd4 12. cxd4 fxe5 13. dxe5 Nc5 14. Rac1 Nxd3 15. Qxd3 Bd7 16. Qe3 Rac8 17. Nb3 Qf7 18. Nc5 Rc7 19. Nd3 Rfc8 20. Rc3 b6 21. Rfc1 Be8 22. Nf4 h6 23. h3 g5 24. Ne2 Qg7 25. Ned4 Nxd4 26. Nxd4 Rxc3 27. Rxc3 Rxc3 28. bxc3 Qg6 29. Kh2 Bd7 30. f4 gxf4 31. Qxf4 Kg7 32. Qh4 Qf7 33. Kg1 Kh7 34. Qd8 Kg6 35. Qh4 Kh7 36. Kh2 Qg7 37. Qf4 Qe7 38. h4 Be8 39. Nc2 Bg6 40. Ne3 h5 41. Nd1 Qc5 42. Qf6 Qc4 43. Qe7+ Kh6 44. Qg5+ Kh7 45. Nf2 Qxc3 46. Qe7+ Kh6 47. Qxe6 d4 48. Nh3 Qe3 49. Qf6 d3 50. Qf8+ 1-0

[Event "Baltic zt"]
[Site "Vilnius"]
[Date "2014.11.20"]
[Round "3"]
[White "Jezov, Roman"]
[Black "Kantans, Toms"]
[Result "0-1"]
[WhiteElo "2229"]
[BlackElo "2449"]
[PlyCount "60"]
[EventDate "2014.11.19"]
[EventType "tourn"]
[EventRounds "11"]
[EventCountry "LTU"]
[EventCategory "9"]
[SourceTitle "CBM 163 Extra"]
[Source "ChessBase"]
[SourceDate "2014.12.23"]
[SourceVersion "1"]
[SourceVersionDate "2014.12.23"]
[SourceQuality "1"]

1. c4 Nf6 2. Nc3 e6 3. e4 d5 4. exd5 exd5 5. d4 Bb4 6. Nf3 0-0 7. Be2 h6 8. 0-0 Nc6 9. h3 Re8 10. Be3 Ne7 11. Qb3 Ba5 12. Nxd5 Nexd5 13. cxd5 Nxd5 14. Bc4 c6 15. Bd2 Bb6 16. Bb4 Be6 17. Bc5 Qf6 18. a4 Nf4 19. Bxe6 Rxe6 20. Bxb6 axb6 21. Kh2 Qf5 22. Rae1 Rae8 23. Re5 Qd3 24. Qd1 f6 25. Rxe6 Rxe6 26. Re1 Kf7 27. Qc1 Rxe1 28. Qxe1 Qe2 29. Qc1 g5 30. Kg1 Qxf3 0-1